000 00466nam a22001577a 4500
003 OSt
005 20250416124620.0
008 231018s2022 ag ||||| |||| 00| 1 spa d
040 _cbesoc
100 1 _aSánchez, Julia Mariana
_d(1987-),
_eautor
245 1 0 _aNadie se arrepiente de un whisky /
_cJulia Mariana Sánchez
260 _aRosario :
_bemr,
_c2022
300 _a18 p.
650 4 _aLiteratura argentina
_vCuento
_xSiglo XXI
_xColección juvenil
942 _2udc
_cOG
_n0
999 _c473
_d473